Tablice rejestracyjne PL - Statystyki

Ogólne statystyki
  • Ten quiz został rozwiązany 142 razy
  • Średni wynik to 137 z 415
Statystyki odpowiedzi
B powiat / stolica % Poprawnych
BAU augustowski / Augustów
74%
BI Białystok
69%
BIA białostocki / Białystok
63%
CB Bydgoszcz
59%
EL Łódź
58%
BS Suwałki
56%
DW Wrocław
56%
BBI bielski / Bielsk Podlaski
55%
BHA hajnowski / Hajnówka
55%
BL Łomża
55%
BSU suwalski / Suwałki
55%
CBY bydgoski / Bydgoszcz
54%
CIN inowrocławski / Inowrocław
54%
BLM łomżyński / Łomża
54%
CT Toruń
54%
GD Gdańsk
51%
CG Grudziądz
51%
CTR toruński / Toruń
51%
DWR wrocławski / Wrocław
51%
BGR grajewski / Grajewo
50%
SK Katowice
50%
KR Kraków
50%
KRA krakowski / Kraków
50%
BSE sejneński / Sejny
50%
KTA tarnowski / Tarnów
50%
CAL aleksandrowski / Aleksandrów Kujawski
49%
GA Gdynia
49%
KNS nowosądecki / Nowy Sącz
49%
KN Nowy Sącz
49%
CGR grudziądzki / Grudziądz
48%
KK Kraków
48%
LUB lubelski / Lublin
48%
BMN moniecki / Mońki
48%
KNT nowotarski / Nowy Targ
48%
OP Opole
48%
OPO opolski / Opole
48%
KT Tarnów
48%
BZA zambrowski / Zambrów
48%
DJ Jelenia Góra
46%
BKL kolneński / Kolno
46%
BWM wysokomazowiecki / Wysokie Mazowieckie
46%
EBE bełchatowski / Bełchatów
45%
CBR brodnicki / Brodnica
45%
LU Lublin
45%
KMY myślenicki / Myślenice
45%
NO Olsztyn
45%
KOS oświęcimski / Oświęcim
45%
RZE rzeszowski / Rzeszów
45%
KTT tatrzański / Zakopane
45%
CW Włocławek
45%
GDA gdański / Pruszcz Gdański
44%
DJE karkonoski / Jelenia Góra
44%
GLE lęborski / Lębork
44%
KLI limanowski / Limanowa
44%
CMG mogileński / Mogilno
44%
PO Poznań
44%
RZ Rzeszów
44%
GSP Sopot
44%
GTC tczewski / Tczew
44%
KWI wielicki / Wieliczka
44%
CWL włocławski / Włocławek
44%
FG Gorzów Wielkopolski
43%
TK Kielce
43%
TKI Kielce / kielecki
43%
DL Legnica
43%
NOL olsztyński / Olsztyn
43%
BSI siemiatycki / Siemiatycze
43%
GWE wejherowski / Wejherowo
43%
EZG zgierski / Zgierz
43%
FZ Zielona Góra
43%
SBI bielski / Bielsko-Biała
41%
SB Bielsko-Biała
41%
SG Gliwice
41%
FGW gorzowski / Gorzów Wielkopolski
41%
NIL iławski / Iława
41%
EKU kutnowski / Kutno
41%
GMB malborski / Malbork
41%
KOL olkuski / Olkusz
41%
GPU pucki / Puck
41%
GSL słupski / Słupsk
41%
GST starogardzki / Starogard Gdański
41%
ETM tomaszowski / Tomaszów Mazowiecki
41%
KWA wadowicki / Wadowice
41%
LZA zamojski / Zamość
41%
NE Elbląg
40%
NEB elbląski / Elbląg
40%
NEL ełcki / Ełk
40%
NGI giżycki / Giżycko
40%
SGL gliwicki / Gliwice
40%
DKL kłodzki / Kłodzko
40%
KRK krakowski / Kraków
40%
DLE legnicki / Legnica
40%
DLU lubiński / Lubin
40%
CNA nakielski / Nakło nad Notecią
40%
NNI nidzicki / Nidzica
40%
GND nowodworski / Nowy Dwór Gdański
40%
DOL oleśnicki / Oleśnica
40%
EP Piotrków Trybunalski
40%
GS Słupsk
40%
BSK sokólski / Sokółka
40%
LZ Zamość
40%
EZD zduńskowolski / Zduńska Wola
40%
FZI zielonogórski / Zielona Góra
40%
SBE będziński / Będzin
39%
SCI cieszyński / Cieszyn
39%
SD Dąbrowa Górnicza
39%
LHR hrubieszowski / Hrubieszów
39%
SJZ Jastrzębie-Zdrój
39%
SJ Jaworzno
39%
PKA kaliski / Kalisz
39%
PK Kalisz
39%
CLI lipnowski / Lipno
39%
KMI miechowski / Miechów
39%
EPA pabianicki / Pabianice
39%
EPI piotrkowski / Piotrków Trybunalski
39%
SO Sosnowiec
39%
ST Tychy
39%
SZ Zabrze
39%
KBC bocheński / Bochnia
38%
DBL bolesławiecki / Bolesławiec
38%
CCH chełmiński / Chełmno
38%
LCH chełmski / Chełm
38%
SH Chorzów
38%
KCH chrzanowski / Chrzanów
38%
SC Częstochowa
38%
DGL głogowski / Głogów
38%
CGD golubsko-dobrzyński / Golub-Dobrzyń
38%
NKE kętrzyński / Kętrzyn
38%
NMR mrągowski / Mrągowo
38%
ONY nyski / Nysa
38%
SRB rybnicki / Rybnik
38%
SR Rybnik
38%
TSA sandomierski / Sandomierz
38%
DSW świdnicki / Świdnica
38%
ZS Szczecin
38%
CZN żniński / Żnin
38%
SZO Żory
38%
LBI bialski / Biała Podlaska
36%
GBY bytowski / Bytów
36%
DDZ dzierżoniowski / Dzierżoniów
36%
NGO gołdapski / Gołdap
36%
OK kędzierzyńsko-kozielski / Kędzierzyn-Koźle
36%
OKL kluczborski / Kluczbork
36%
GKW kwidzyński / Kwidzyn
36%
PLE leszczyński / Leszno
36%
PL Leszno
36%
SM Mysłowice
36%
EOP opoczyński / Opoczno
36%
NOS ostródzki / Ostróda
36%
RPR przemyski / Przemyśl
36%
WR Radom
36%
WRA radomski / Radom
36%
ERA radomszczański / Radomsko
36%
ESI sieradzki / Sieradz
36%
ESK skierniewicki / Skierniewice
36%
CTU tucholski / Tuchola
36%
DB Wałbrzych
36%
LB Biała Podlaska
35%
KBR brzeski / Brzesko
35%
SY Bytom
35%
GCH chojnicki / Chojnice
35%
SCZ częstochowski / Częstochowa
35%
PGN gnieźnieński / Gniezno
35%
ELC łowicki / Łowicz
35%
TOP opatowski / Opatów
35%
EPJ pajęczański / Pajęczno
35%
LPU puławski / Puławy
35%
CRY rypiński / Rypin
35%
ES Skierniewice
35%
CSW świecki / Świecie
35%
RTA tarnobrzeski / Tarnobrzeg
35%
STA tarnogórski / Tarnowskie Góry
35%
CWA wąbrzeski / Wąbrzeźno
35%
DBA wałbrzyski / Wałbrzych
35%
SWD wodzisławski / Wodzisław Śląski
35%
DZG zgorzelecki / Zgorzelec
35%
NBR braniewski / Braniewo
34%
OB brzeski / Brzeg
34%
LC Chełm
34%
KGR gorlicki / Gorlice
34%
RJS jasielski / Jasło
34%
DJA jaworski / Jawor
34%
GKS kościerski / Kościerzyna
34%
ZK Koszalin
34%
RKR krośnieński / Krosno
34%
RK Krosno
34%
RMI mielecki / Mielec
34%
TOS ostrowiecki / Ostrowiec Świętokrzyski
34%
POS ostrowski / Ostrów Wielkopolski
34%
SPI Piekary Śląskie
34%
PP pilski / Piła
34%
NPI piski / Pisz
34%
POZ poznański / Poznań
34%
WPR pruszkowski / Pruszków
34%
RP Przemyśl
34%
SRC raciborski / Racibórz
34%
FSL słubicki / Słubice
34%
DSR średzki / Środa Śląska
34%
RT Tarnobrzeg
34%
EWI wieluński / Wieluń
34%
DX Wrocław
34%
WGM grodziski / Grodzisk Mazowiecki
33%
GKA kartuski / Kartuzy
33%
PKN koniński / Konin
33%
LKR kraśnicki / Kraśnik
33%
ELA łaski / Łask
33%
NLI lidzbarski / Lidzbark Warmiński
33%
DLW lwówecki / Lwówek Śląski
33%
PZ poznański / Poznań
33%
SPS pszczyński / Pszczyna
33%
ERW rawski / Rawa Mazowiecka
33%
KSU suski / Sucha Beskidzka
33%
LTM tomaszowski / Tomaszów Lubelski
33%
SZA zawierciański / Zawiercie
33%
SZY żywiecki / Żywiec
33%
TBU buski / Busko-Zdrój
31%
RDE dębicki / Dębica
31%
NDZ działdowski / Działdowo
31%
PJA jarociński / Jarocin
31%
PKL kolski / Koło
31%
ZKO koszaliński / Koszalin
31%
ED Łódź
31%
ELW łódzki wschodni / Łódź
31%
DOA oławski / Oława
31%
NOE olecki / Olecko
31%
EPD poddębicki / Poddębice
31%
RSA sanocki / Sanok
31%
CSE sępoleński / Sępolno Krajeńskie
31%
TSK skarżyski / Skarżysko-Kamienna
31%
PSR średzki / Środa Wielkopolska
31%
TST starachowicki / Starachowice
31%
LSW świdnicki / Świdnik
31%
FSW świebodziński / Świebodzin
31%
PTU turecki / Turek
31%
FZG żagański / Żagań
31%
NBA bartoszycki / Bartoszyce
30%
KBA bocheński / Bochnia
30%
EBR brzeziński / Brzeziny
30%
WCI ciechanowski / Ciechanów
30%
GCZ człuchowski / Człuchów
30%
ZGR gryfiński / Gryfino
30%
RJA jarosławski / Jarosław
30%
TJE jędrzejowski / Jędrzejów
30%
DKA kamiennogórski / Kamienna Góra
30%
FKR krośnieński / Krosno Odrzańskie
30%
DLB lubański / Lubań
30%
SLU lubliniecki / Lubliniec
30%
DMI milicki / Milicz
30%
ONA namysłowski / Namysłów
30%
WND nowodworski / Nowy Dwór Mazowiecki
30%
POB obornicki / Oborniki
30%
LOP opolski / Opole Lubelskie
30%
WOT otwocki / Otwock
30%
WPI piaseczyński / Piaseczno
30%
KPR proszowicki / Proszowice
30%
CRA radziejowski / Radziejów
30%
NSZ szczycieński / Szczytno
30%
NWE węgorzewski / Węgorzewo
30%
LWL włodawski / Włodawa
30%
FZA żarski / Żary
30%
KDA dąbrowski / Dąbrowa Tarnowska
29%
OGL głubczycki / Głubczyce
29%
PGS gostyński / Gostyń
29%
PKE kępiński / Kępno
29%
TKN konecki / Końskie
29%
OKR krapkowicki / Krapkowice
29%
LKS krasnostawski / Krasnystaw
29%
ELE łęczycki / Łęczyca
29%
SMI mikołowski / Mikołów
29%
SMY myszkowski / Myszków
29%
FNW nowosolski / Nowa Sól
29%
WOS ostrołęcki / Ostrołęka
29%
DPL polkowicki / Polkowice
29%
LRA radzyński / Radzyń Podlaski
29%
LRY rycki / Ryki
29%
RST stalowowolski / Stalowa Wola
29%
FSU sulęciński / Sulęcin
29%
DTR trzebnicki / Trzebnica
29%
EWE wieruszowski / Wieruszów
29%
DGR górowski / Góra
28%
WGR grójecki / Grójec
28%
LJA janowski / Janów Lubelski
28%
ZKL kołobrzeski / Kołobrzeg
28%
RLE leżajski / Leżajsk
28%
LLB lubartowski / Lubartów
28%
FMI międzyrzecki / Międzyrzecz
28%
WML mławski / Mława
28%
NNM nowomiejski / Nowe Miasto Lubawskie
28%
OOL oleski / Olesno
28%
LPA parczewski / Parczew
28%
TPI pińczowski / Pińczów
28%
WP Płock
28%
WPL płocki / Płock
28%
OPR prudnicki / Prudnik
28%
WS Siedlce
28%
WSI siedlecki / Siedlce
28%
SI Siemianowice Śląskie
28%
PSZ szamotulski / Szamotuły
28%
ZZ Szczecin
28%
GSZ sztumski / Sztum
28%
DWL wołowski / Wołów
28%
WWY wyszkowski / Wyszków
28%
DZL złotoryjski / Złotoryja
28%
WB Bemowo
26%
PKO Konin
26%
PKR krotoszyński / Krotoszyn
26%
LLE łęczyński / Łęczna
26%
RLS leski / Lesko
26%
PNT nowotomyski / Nowy Tomyśl
26%
PPL pleszewski / Pleszew
26%
WPN płoński / Płońsk
26%
PY Poznań
26%
PRA rawicki / Rawicz
26%
ZSW Świnoujście
26%
FWS wschowski / Wschowa
26%
PZL złotowski / Złotów
26%
SBL bieruńsko-lędziński / Bieruń
25%
LBL biłgorajski / Biłgoraj
25%
SKL kłobucki / Kłobuck
25%
PKS kościański / Kościan
25%
WL legionowski / Legionowo
25%
RLU lubaczowski / Lubaczów
25%
ZPL policki / Police
25%
WF Praga-Południe
25%
SRS Ruda Śląska
25%
ZST stargardzki / Stargard
25%
OST strzelecki / Strzelce Opolskie
25%
GWO wejherowski / Wejherowo
25%
WWL wołomiński / Wołomin
25%
RBI bieszczadzki / Ustrzyki Dolne
24%
PCT czarnkowsko-trzcianecki / Czarnków
24%
ZGY gryficki / Gryfice
24%
RLA łańcucki / Łańcut
24%
RNI niżański / Nisko
24%
WO Ostrołęka
24%
POT ostrzeszowski / Ostrzeszów
24%
WH Praga-Północ
24%
WSC sochaczewski / Sochaczew
24%
PSE śremski / Śrem
24%
FSD strzelecko-drezdenecki / Strzelce Krajeńskie
24%
DST strzeliński / Strzelin
24%
ZWA wałecki / Wałcz
24%
SWZ wodzisławski / Wodzisław Śląski
24%
PWR wrzesiński / Września
24%
WZY żyrardowski / Żyrardów
24%
RBR brzozowski / Brzozów
23%
PCH chodzieski / Chodzież
23%
WG garwoliński / Garwolin
23%
ZKA kamieński / Kamień Pomorski
23%
RKL kolbuszowski / Kolbuszowa
23%
WMA makowski / Maków Mazowiecki
23%
WM miński / Mińsk Mazowiecki
23%
WOR ostrowski / Ostrów Mazowiecka
23%
RPZ przeworski / Przeworsk
23%
WPU pułtuski / Pułtusk
23%
PSL słupecki / Słupca
23%
PWA wągrowiecki / Wągrowiec
23%
TLW włoszczowski / Włoszczowa
23%
PWL wolsztyński / Wolsztyn
23%
DZA ząbkowicki / Ząbkowice Śląskie
23%
WZW zwoleński / Zwoleń
23%
WA Białołęka
21%
SCN cieszyński / Cieszyn
21%
ZDR drawski / Drawsko Pomorskie
21%
WGS gostyniński / Gostynin
21%
PGO grodziski / Grodzisk Wielkopolski
21%
TKA kazimierski / Kazimierza Wielka
21%
PN Konin
21%
WKZ kozienicki / Kozienice
21%
PMI międzychodzki / Międzychód
21%
WE Mokotów
21%
ZMY myśliborski / Myślibórz
21%
ZPY pyrzycki / Pyrzyce
21%
RRS ropczycko-sędziszowski / Ropczyce
21%
SL Ruda Śląska
21%
TSZ staszowski / Staszów
21%
SW Świętochłowice
21%
WY* Wola
21%
WZU żuromiński / Żuromin
21%
WBR białobrzeski / Białobrzegi
20%
ZGL goleniowski / Goleniów
20%
WLI lipski / Lipsko
20%
WLS łosicki / Łosice
20%
LLU łukowski / Łuków
20%
ZSL sławieński / Sławno
20%
RSR strzyżowski / Strzyżów
20%
ZSZ szczecinecki / Szczecinek
20%
WD Bielany
19%
PA Kalisz
19%
ZLO łobeski / Łobez
19%
WU Ochota
19%
WW* Rembertów, Wilanów, Włochy
19%
WSE sierpecki / Sierpc
19%
WI Śródmieście
19%
WSZ szydłowiecki / Szydłowiec
19%
ZBI białogardzki / Białogard
18%
ZCH choszczeński / Choszczno
18%
WPP pruszkowski / Pruszków
18%
WPS pruszkowski / Pruszków
18%
WPZ przasnyski / Przasnysz
18%
WSK sokołowski / Sokołów Podlaski
18%
WWE węgrowski / Węgrów
18%
WV wołomiński / Wołomin
18%
GKY kartuski / Kartuzy
16%
ZSD świdwiński / Świdwin
16%
WK Ursus
16%
WN Ursynów
16%
WZ warszawski zachodni / Ożarów Mazowiecki
16%
WX* Żoliborz, Wesoła
16%
WPY przysuski / Przysucha
15%
WT Wawer
15%
WJ Targówek
14%
WPA piaseczyński / Piaseczno
11%
WY...YY miński / Sulejówek
4%
WY...Y* Cudzoziemcy
3%
Nie znaleziono quizów pasujących do podanych kryteriów
Rozkład punktacji
Procent ludzi z każdym wynikiem
Percentyl według liczby udzielonych odpowiedzi
Twoja historia wyników
Nie rozwiązałeś tego quizu